Dastan e elm o amal / (Record no. 525812)

000 -LEADER
fixed length control field 00460nam a22001697a 4500
003 - CONTROL NUMBER IDENTIFIER
control field NUST
020 ## - INTERNATIONAL STANDARD BOOK NUMBER
Terms of availability (Hbk)
038 ## - RECORD CONTENT LICENSOR
Staff Name M. Shaban
082 ## - DEWEY DECIMAL CLASSIFICATION NUMBER
Classification number 378.09
Author Mark RAS
100 ## - MAIN ENTRY--PERSONAL NAME
Personal name Rashid, Saeed
9 (RLIN) 16757
245 ## - TITLE STATEMENT
Title Dastan e elm o amal /
Statement of responsibility, etc. Saeed Rashid
260 ## - PUBLICATION, DISTRIBUTION, ETC.
Place of publication, distribution, etc. Jehlum :
Name of publisher, distributor, etc. Alamgirians Association Military Collage
300 ## - PHYSICAL DESCRIPTION
Extent 288 p. ;
880 ## - ALTERNATE GRAPHIC REPRESENTATION
Linkage 100-01\r
Title سعید راشد
880 ## - ALTERNATE GRAPHIC REPRESENTATION
Linkage 245-02\r
Title داستانِ علم و عمل /
942 ## - ADDED ENTRY ELEMENTS (KOHA)
Source of classification or shelving scheme
Koha item type Book
Holdings
Withdrawn status Lost status Source of classification or shelving scheme Damaged status Not for loan Permanent Location Current Location Shelving location Date acquired Total Checkouts Full call number Barcode Date last seen Price effective from Koha item type
          Central Library (CL) Central Library (CL) Urdu Literature 07/04/2019   378.09 RAS CL-E-742 07/04/2019 07/04/2019 Book
© 2023 Central Library, National University of Sciences and Technology. All Rights Reserved.